| 000 | 02282cam a22005174i 4500 | ||
|---|---|---|---|
| 003 | PE-LiUPU | ||
| 005 | 20250731172901.0 | ||
| 008 | 170111s2013 xxu rb 000 0 eng d | ||
| 020 | _a0758635265 | ||
| 020 | _a9780758635266 | ||
| 035 | _a(Sirsi) a165975 | ||
| 040 |
_aPE-LiUPU _bspa _cPE-LiUPU _erda |
||
| 049 | _aPRUA | ||
| 082 | 0 | 4 |
_a284.1092 _bK83 _223 |
| 100 | 1 |
_aKroker, Ernst., _eautor. |
|
| 245 | 1 | 4 |
_aThe Mother of the Reformation : _bthe amazing life and story of Katharine Luther / _cby Ernst Kroker ; translated by Mark E. DeGarmeaux. |
| 264 | 1 |
_aSt. Louis _bConcordia Publishing House, _c2013. |
|
| 300 |
_aaxii, 275 páginas ; _c21 centimetros |
||
| 336 |
_atext _2rdacontent |
||
| 337 |
_aunmediated _2rdamedia |
||
| 338 |
_avolume _2rdacarrier |
||
| 504 | _aBibliografía :páginas 273-275. | ||
| 505 | 0 | _aLippendorf, Brehna, Nimbschen -- From Nimbschen to Wittenberg -- In Master Reichenbach's house -- Katie enters the Black Cloister -- The Morning Star of Wittenberg -- Children and child-rearing -- Members of the household -- Friends and guests -- Luther's death -- In poverty -- From Wittenberg to Torgau -- Voices of contemporaries and opinions of later generations. | |
| 526 | _aSEG42 | ||
| 526 | _aSEG41 | ||
| 526 | _aSEG40 | ||
| 526 | _aSEG39 | ||
| 526 | _aP94 | ||
| 526 | _aP87 | ||
| 526 | _aP86 | ||
| 526 | _aP85 | ||
| 526 | _aP77 | ||
| 526 | _aP76 | ||
| 526 | _aP35 | ||
| 600 | 1 | 4 |
_aLutero, Katharina von Bora _d1499-1552. |
| 600 | 1 | 4 |
_aLutero, Martín _d1483-1546 _xFamilia. |
| 650 | 1 | 4 |
_aReforma _zAlemania _vBiografía. |
| 700 | 1 |
_aDeGarmeaux, Mark E., _etranslator. |
|
| 700 | 1 |
_aTranslation of. _aKroker, Ernst, _d1859-1927. _tKatharina von Bora, Martin Luthers Frau. |
|
| 910 |
_ajck _bjvq _cjck _d20170111. |
||
| 942 |
_2ddc _cBOOK |
||
| 949 |
_a284.1092 K83 _wDEWEY _c1 _i75522 _lCATALOGING _mBUL _p17.00 _r0 _sY _tBOOK _u2017-01-11 _xTEOLOGIA _zPOSGRADO TEOLOGÍA _0COMPRA _o.CIRCNOTE. El documento es de alto precio. _o.STAFF. Colección Teología |
||
| 596 | _a1 | ||
| 999 |
_a284.1092 K83 _wLC _c14712 _i75522 _f2021-11-11 _g5 _lCCODEBUL1 _mBUL _p17.00 _r0 _sY _tBOOK _u2017-1-11 _xTEOLOGIA _PP85 _0COMPRA _o.STAFF. Colección Teología _d14712 |
||
| 980 |
_81 _gALBERTO SANCHEZ Responsable de Automatización |
||